Early contractor involvement in building procurement (Record no. 110365)

MARC details
000 -LEADER
fixed length control field 01689cam a22002775a 4500
001 - CONTROL NUMBER
control field L149079
008 - FIXED-LENGTH DATA ELEMENTS--GENERAL INFORMATION
fixed length control field 100107s2009 xxk f 001 0 eng d
020 ## - INTERNATIONAL STANDARD BOOK NUMBER
International Standard Book Number 9781405196451
035 ## - SYSTEM CONTROL NUMBER
System control number (Sirsi) u149079
041 0# - LANGUAGE CODE
Language code of text/sound track or separate title eng
050 04 - LIBRARY OF CONGRESS CALL NUMBER
Classification number 692.8 $2 18
100 1# - MAIN ENTRY--PERSONAL NAME
Personal name Mosey, David
245 00 - TITLE STATEMENT
Title Early contractor involvement in building procurement
Remainder of title contracts, partnering and project management
Medium [electronic resource]
260 ## - PUBLICATION, DISTRIBUTION, ETC.
Place of publication, distribution, etc. Chichester
Name of publisher, distributor, etc. Wiley-blackwell
Date of publication, distribution, etc. 2009
300 ## - PHYSICAL DESCRIPTION
Extent eBook
350 ## - PRICE (NR) (BK AM CF MU VM SE) [OBSOLETE]
Price 59.50
505 2# - FORMATTED CONTENTS NOTE
Formatted contents note Early contractor involvement : an overview -- Conditional contracts and early project processes -- Problems and disputes under construction phase building -- Contracts -- Early contractor involvement in design, pricing, and risk management -- Client leadership, communication systems and binding programmes -- Contractual and non-contractual preconstruction options -- Preconstruction commitments under framework agreements -- Project management and project partnering -- Obstacles to early contractor appointments -- Government and industry views and experience -- Conclusions : the golden age of rock and roll?
520 ## - SUMMARY, ETC.
Summary, etc. This eBook explains and examines the ways in which a process contract can describle and support the model throughout its procurement, partnering and project management and illustrates examples with real life case studies taken from the construction and engineering industry.
521 ## - TARGET AUDIENCE NOTE
Target audience note Advanced
590 ## - LOCAL NOTE (RLIN)
Local note KA
650 24 - SUBJECT ADDED ENTRY--TOPICAL TERM
Topical term or geographic name entry element EBOOK
651 #4 - SUBJECT ADDED ENTRY--GEOGRAPHIC NAME
Geographic name England and Wales
Chronological subdivision 1543-
690 ## - LOCAL SUBJECT ADDED ENTRY--TOPICAL TERM (OCLC, RLIN)
Topical term or geographic name as entry element Procurement
9 (RLIN) 6260
856 48 - ELECTRONIC LOCATION AND ACCESS
Uniform Resource Identifier <a href="https://www.vlebooks.com/">https://www.vlebooks.com/</a>
Public note View on VLEbooks. Logins for members only from [email protected]
942 ## - ADDED ENTRY ELEMENTS (KOHA)
Suppress in OPAC 0
Holdings
Withdrawn status Lost status Source of classification or shelving scheme Damaged status Not for loan Home library Current library Shelving location Date acquired Total Checkouts Full call number Barcode Date last seen Date last checked out Copy number Price effective from Koha item type
    Dewey Decimal Classification     Virtual Virtual Online 18/01/2010 3 EBOOK 30075648 06/08/2019 24/03/2010 1 06/08/2019 Book